| 000 | 01408cas a2200397 a 4500 | ||
|---|---|---|---|
| 001 | 11394222 | ||
| 003 | OSt | ||
| 005 | 20110606105416.0 | ||
| 008 | 920730c19899999ug ar w eng | ||
| 010 | _a 91980854 | ||
| 035 | _a(OCoLC)ocm26291235 | ||
| 040 |
_aDLC _cDLC _dNST _dDLC _dMH-L |
||
| 042 | _alc | ||
| 043 | _af-ug--- | ||
| 050 | 0 | 0 |
_aKTW490.K363 _bK35 |
| 082 | 0 | 0 |
_a348.6761 KAM _222 |
| 245 | 0 | 0 |
_aKampala law reports : Cited as [1992] V KALR _bdecisions of the High Court and Supreme Court of Uganda . _ |
| 246 | 1 |
_iCited as: _aKALR |
|
| 260 |
_aKampala, Uganda : _bKampala Law Reports, _c1992- |
||
| 300 |
_av. ; _c32 cm. |
||
| 310 | _aAnnual | ||
| 362 | 0 | _a1989- | |
| 500 | _aTitle from cover. | ||
| 500 | _aEditor: Ladislaus Kiiza Rwakafuuzi. | ||
| 515 | _aVols. for <1992-> issued in parts. | ||
| 590 | _aSERBIB/SERLOC merged record | ||
| 650 | 0 |
_aLaw reports, digests, etc. _zUganda. _95214 |
|
| 700 | 1 |
_aRwakafuuzi, Ladislaus Kiiza. _91996 |
|
| 710 | 1 |
_aUganda. _bHigh Court. _95215 |
|
| 710 | 1 |
_aUganda. _bSupreme Court. _95216 |
|
| 906 |
_a7 _bcbc _cserials _d2 _encip _f19 _gn-oclcserc |
||
| 942 |
_2ddc _cLRT |
||
| 999 |
_c2380 _d2380 |
||